000 00752nam a2200217Ii 4500
003 JO-AjNU
008 230605s9999||||xx |||||||||||||| ||und||
017 _a2000/6/2001
040 _aJO-AjNU
_bara
_erda
_cJO-AjNU
041 _aara
050 1 4 _aPJ7561.P339 2000
100 3 _aربابعة،موسى,
_eauthor
_913148
245 0 0 _aالتناقض في نماذج الشعر الحديث
250 _aط1
264 3 1 _aإربد:مؤسسة حمادة للدراسات الجامعية والنشر والتوزيع،2000
300 _a111ص
336 _atext
_btxt
_2rdacontent
337 _aunmediated
_bn
_2rdamedia
338 _avolume
_bnc
_2rdacarrier
650 4 _aالشعر العربي-تاريخ ونقد-القرن العشرين
_913149
999 _aA3196
_c6764
_d6764